Indian air force: Touch the sky of glory (Record no. 395491)

MARC details
000 -LEADER
fixed length control field 00489 a2200193 4500
005 - DATE & TIME
control field 20260428130001.0
008 - FIXED-LENGTH DATA ELEMENTS--GENERAL INFORMATION
fixed length control field 260428b |||||||| |||| 00| 0 eng d
020 ## - ISBN
International Standard Book Number 9788196234607
Price Rs. 795.00
040 ## - CATALOGING SOURCE
Original cataloging agency VIVEKANANDA LIBRARY
082 ## - DDC NUMBER
Classification number 358.4
Book Number S51I
100 ## - MAIN ENTRY--PERSONAL NAME
Personal name Singh, Sanchita
245 ## - TITLE STATEMENT
Title Indian air force: Touch the sky of glory
260 ## - PUBLICATION, DISTRIBUTION, ETC. (IMPRINT)
Name of publisher, distributor, etc Nisha Publications
Date of publication, distribution, etc 2024
Place of publication, distribution, etc Delhi
300 ## - PHYSICAL DESCRIPTION
Pages 200
650 ## - Subject
Subject Military Science
650 ## - Subject
Subject Air Forces
650 ## - Subject
Subject India
942 ## - ADDED ENTRY ELEMENTS (KOHA)
Koha item type Books
Holdings
Withdrawn status Lost status Source of classification or shelving scheme Damaged status Not for loan Location (home branch) Sublocation or collection (holding branch) Shelving location Date acquired Koha issues (times borrowed) Koha full call number Accession No. Koha date last seen Koha item type
    Dewey Decimal Classification     VIVEKANANDA LIBRARY VIVEKANANDA LIBRARY Vivekananda Library 02/02/2026   358.4 S51I 437986 02/02/2026 Books
© Designed and Maintained by Vivekananda Library, MDU Rohtak